BIBLIOTECA

SENCICO

Empresarios pequeños y medianos (Registro nro. 1517)

Detalles MARC
000 -LEADER
fixed length control field 00548nam a2200229Ia 4500
005 - DATE AND TIME OF LATEST TRANSACTION
control field 20251020182514.0
008 - FIXED-LENGTH DATA ELEMENTS--GENERAL INFORMATION
fixed length control field 200515s9999 xx 000 0 und d
020 ## - INTERNATIONAL STANDARD BOOK NUMBER
International Standard Book Number 970-17-0137-2
082 ## - DEWEY DECIMAL CLASSIFICATION NUMBER
Classification number 658.118/L22
100 ## - MAIN ENTRY--PERSONAL NAME
Personal name Kuehl, Charles
100 ## - MAIN ENTRY--PERSONAL NAME
Personal name Lambing, Peggy
245 #0 - TITLE STATEMENT
Title Empresarios pequeños y medianos
260 ## - PUBLICATION, DISTRIBUTION, ETC.
Place of publication, distribution, etc. México, D.F.
260 ## - PUBLICATION, DISTRIBUTION, ETC.
Name of publisher, distributor, etc. Prentice Hall
260 ## - PUBLICATION, DISTRIBUTION, ETC.
Date of publication, distribution, etc. 1998
300 ## - PHYSICAL DESCRIPTION
Extent 299 p.
500 ## - GENERAL NOTE
General note 1 ejemplar
650 ## - SUBJECT ADDED ENTRY--TOPICAL TERM
Topical term or geographic name entry element EMPRESARIOS
650 ## - SUBJECT ADDED ENTRY--TOPICAL TERM
Topical term or geographic name entry element PEQUEÑA Y MEDIANA EMPRESA
942 ## - ADDED ENTRY ELEMENTS (KOHA)
Koha item type Libros
Existencias
Fecha de la última vez que lo usaron Pago total Signatura topográfica completa Código de barras Precio efectivo desde Tipo de documento Estado perdido Estado dañado No es para préstamo Retirado Ubicación permanente Ubicación actual Fecha de adquisición
15/05/2020   658.118/L22 Bib-Lima15051517 15/05/2020 Libros         Biblioteca Central Lima Biblioteca Central Lima 15/05/2020